000 00623nam a22002177a 4500
003 UA-OsUOA
001 67830
007 ta
008 20100316b un ||||| |||| 00| 0 ukr d
090 _a343.98
_bВ74
942 _cBK
040 _aUA-OsUOA
_brus
_cUA-OsUOA
_dUA-OsUOA
245 _aВопросы криминалистики
_cМиньковский Г. М.
300 _a294 с.
955 _a2
041 _arus
080 _a343.98
260 _aМ.
_bЮридическая литература
_c1962
650 7 _a343 Кримінальне право. Карні порушення
_2UDC
999 _c353955
_d353955